000 00795nam a2200277Ia 4500
003 OSt
005 20220928102012.0
006 a|||||r|||| 00| 0
007 ta
008 220927b |||||||| |||| 00| 0 hin d
020 _cINR 495.00
024 _a144742
037 _b107, 15/03/2021, Radhika Books
_cTextual
040 _aSDCL
_cSDCL
_bhin
041 _2hin
_ahin
082 _aO152,3M80:g, Q9
100 _aPremchad
_9396152
245 0 _aBalkathakar premchand
250 _a2nd
260 _aNew Delhi
_bSwaraj Prakashan
_c2019
300 _a136p.
_ccm.
650 _aHindi
_9391598
700 _a Tanwar Manju Ed.
_9396153
942 _hO152,3M80:g, Q9
_cTEXL
_2CC
999 _c711858
_d711858